|
|
|
|
| LEADER |
00000nam a22000007a 4500 |
| 005 |
20181029121338.0 |
| 007 |
cr|||| |||| |
| 008 |
181029s2018 es |||||s|||| 00||0 spa d |
| 020 |
|
|
|a 978-84-7351-636-5
|
| 035 |
|
|
|a 22145
|
| 040 |
|
|
|a vLex
|
| 090 |
|
|
|c 8209
|d 8209
|
| 100 |
1 |
|
|a Galera Rodrigo, Susana
|
| 245 |
1 |
0 |
|a Polt̕icas Locales de Clima y Energa̕
|h [Recurso electrn̤ico] :
|b Teora̕ y Prc̀tica /
|c Susana Galera Rodrigo, Mar Gm̤ez Zamora
|
| 256 |
|
|
|a Servicio en ln̕ea
|
| 260 |
|
|
|a Madrid:
|b Instituto Nacional de Administracin̤ Pb︢lica (INAP),
|c 2018
|
| 300 |
|
|
|a 1 recurso electrn̤ico
|
| 506 |
1 |
|
|a Disponible solo en los productos indicados
|d vLex Global
|d vLex Global (Academic Edition, excluding Law Schools)
|d vLex Global (U.S. Academic Edition, Law Schools)
|d vLex Global (U.S. Academic Edition, excluding Law Schools)
|d vLex Global (Academic Edition, Law Schools)
|
| 650 |
0 |
4 |
|a Derecho Pb︢lico y Administrativo
|z Espaą
|
| 650 |
0 |
4 |
|a Derecho del Medio Ambiente
|z Espaą
|
| 700 |
1 |
|
|a Gm̤ez Zamora, Mar
|
| 740 |
0 |
|
|a Acceso restringido
|
| 856 |
4 |
0 |
|u http://vlex.com/source/politicas-locales-clima-energia-22145
|z Acceso restringido
|
| 942 |
|
|
|c BOOK
|
| 999 |
0 |
|
|a Public and Administrative Law
|
| 999 |
0 |
|
|a Environmental Law
|